Every D1 NCAA College in Texas - Statistics

General Stats
  • This quiz has been taken 44 times
    32 since last reset
  • The average score is 16 of 26
Answer Stats
Hint Answer % Correct
Longhorns Texas
100%
Cougars Houston
97%
Horned Frogs TCU
97%
Aggies Texas A&M
97%
Miners UT El Paso
86%
Mean Green North Texas
83%
Roadrunners UT San Antonio
83%
Bears Baylor
79%
Mustangs SMU
79%
Raiders Texas Tech
79%
Owls Rice
76%
Bobcats Texas State
69%
Islanders Texas A&M Corpus Christi
66%
Bearkats Sam Houston State
55%
Vaqueros UT Rio Grande Valley
45%
Wildcats Abilene Christian
41%
Tigers Texas Southern
41%
Huskies Houston Christian
38%
Cardinals Lamar
34%
Texans Tarleton State
34%
Mavericks UT Arlington
34%
Patriots Dallas Baptist
31%
Cardinals Incarnate Word
31%
Panthers Prairie View A&M
31%
Lions Texas A&M Commerce
31%
Lumberjacks Stephen F. Austin State
24%
No matching quizzes found
Score Distribution
Percent of People with Each Score
Percentile by Number Answered
Your Score History
You have not taken this quiz since the last reset